A közlekedés ipartörténeti emlékeinek turisztikai hasznosítása Budapesten

Bibliográfiai részletek
Szerző: Tumay Dóra
További közreműködők: Schultz Éva
Dokumentumtípus: Diplomadolgozat
Kulcsszavak:vasút
ipari örökség
világörökség
vasúti közlekedés
Online Access:http://dolgozattar.uni-bge.hu/14934

MARC

LEADER 00000nta a2200000 i 4500
001 dolg14934
005 20180726151653.0
008 180426suuuu hu om 000 hun d
040 |a BGE Dolgozattár Repozitórium  |b hun 
041 |a hu 
100 1 |a Tumay Dóra 
245 1 2 |a A közlekedés ipartörténeti emlékeinek turisztikai hasznosítása Budapesten  |c Tumay Dóra  |h [elektronikus dokumentum] 
695 |a vasút 
695 |a ipari örökség 
695 |a világörökség 
695 |a vasúti közlekedés 
700 1 |a Schultz Éva  |e ths 
856 4 0 |u http://dolgozattar.uni-bge.hu/14934/1/KVIKTD%202018.pdf  |z Dokumentum-elérés